[Event "8th Dolomiti Open 2017"]
[Site "Forni di Sopra"]
[Date "2017.06.10"]
[Round "1.1"]
[White "Korneev, Oleg"]
[Black "Bosbach, Gerhard"]
[Result "1-0"]
[WhiteElo "2569"]
[BlackElo "2205"]
[Annotator "TA"]
[PlyCount "74"]
[EventDate "2017.??.??"]
[EventType "swiss"]
[EventCountry "ITA"]
[SourceTitle "playchess.com"]
[Source "ChessBase"]
[SourceQuality "1"]

{[%evp 14,74,19,-17,48,45,52,37,50,57,43,37,43,28,90,0,48,-9,-24,-14,-10,-114,92,91,281,278,251,173,170,177,271,119,235,206,239,241,255,252,227,183,260,200,215,214,245,238,245,246,264,257,287,287,275,278,280,278,293,281,295,286,268,227,262]} 1. e4 c5 2. Nf3 e6 3. d4 cxd4 4. Nxd4 Nc6 5. Nb5 d6 6. Bf4 e5 7. Be3 Nf6 8. Bg5 {LiveBook: 251 Games} h6 {B44: Sicilian: Taimanov: 5 Nb5} ({Black should play} 8... Be6 $11) (8... Be6 9. c4 Be7 10. N1c3 O-O 11. Be2 a6 12. Na3 Nxe4 13. Bxe7 Nxc3 14. Bxd8 Nxd1 15. Bc7 Nxb2 16. Bxd6 Rfd8 {0-1 (27) Leko,P (2730)-Grischuk,A (2783) Beijing 2013}) 9. Bxf6 $1 $14 gxf6 10. Bc4 $146 ({Predecessor:} 10. N1c3 a6 11. Na3 Rg8 12. f3 f5 13. exf5 Bxf5 14. Nd5 Rc8 15. g3 Bg7 16. c3 {½-½ (41) David,F-Zanatta,I Brazil CXEB 1995}) 10... a6 {White is slightly better.} 11. N5c3 $40 {[%mdl 128] White attacks.} Bg7 12. Qh5 {[%csl Gc4][%cal Rh5f7]} O-O $1 13. Nd2 Nd4 (13... Be6 $11 {remains equal.}) 14. O-O-O (14. Bd3 $1 $16) 14... f5 15. Nf3 ({Better is} 15. Ne2 $14) 15... Be6 $11 16. Bd3 {[%cal Re4f5]} fxe4 17. Bxe4 {[#]} (17. Nxd4 $11 exd3 18. Nxe6 fxe6 19. Rxd3) 17... f5 $2 {[#]} (17... Nb5 $1 $17 {[%cal Rb5c3] keeps the pressure on. Hoping for ...Nxc3.} 18. Nh4 Nxc3 19. bxc3 Qa5) 18. Bd5 $1 $16 {aiming for Rxd4!} Qc8 $2 (18... Qf6 $16 {was called for.}) 19. Nxd4 $18 exd4 20. Rxd4 {And now Re1 would win.} Bxd5 21. Nxd5 Qc5 (21... Qe8 {is a better defense.} 22. Qxe8 Raxe8) 22. Rd2 (22. c3 $18 {is more deadly.}) 22... Rae8 (22... Qa5 $16 {was worth a try.}) 23. Qf3 b5 24. Rhd1 Re4 25. g3 a5 26. Nc3 Rc4 (26... Bxc3 $142 27. Qxc3 Qxc3 28. bxc3 Rc8 29. Rxd6 Rxc3 30. Rxh6 Re2) 27. Qd5+ ({Worse is} 27. Rxd6 Bxc3 28. Qd5+ (28. bxc3 $2 Qa3+ 29. Kb1 Rb4+ 30. cxb4 Qxf3 $19) 28... Qxd5 $15) 27... Kh7 28. Qxc5 ({Much less strong is} 28. Nxb5 Rb4 $16) 28... dxc5 29. Rd7 b4 30. Na4 f4 31. b3 Rd4 32. R1xd4 cxd4 {KRB-KRN} 33. Nc5 fxg3 34. hxg3 Re8 35. Nd3 Ra8 36. Nf4 Kg8 37. Ne6 Bf8 {Precision: White = 51%, Black = 24%.} 1-0

[Event "8th Dolomiti Open 2017"]
[Site "Forni di Sopra"]
[Date "2017.06.10"]
[Round "1.2"]
[White "Gueci, Tea"]
[Black "Rotstein, Arkadij"]
[Result "0-1"]
[WhiteElo "2204"]
[BlackElo "2495"]
[Annotator "TA"]
[PlyCount "68"]
[EventDate "2017.??.??"]
[EventType "swiss"]
[EventCountry "ITA"]
[SourceTitle "playchess.com"]
[Source "ChessBase"]
[SourceQuality "1"]

{[%evp 21,68,32,33,12,16,0,10,10,9,-131,-40,-49,-27,-64,-51,-61,-59,-80,-73,-79,-83,-87,-83,-74,-78,-206,-208,-197,-146,-241,-251,-249,-249,-234,-239,-225,-215,-310,-309,-299,-210,-316,-308,-522,-511,-879,-784,-29988,-29989]} 1. e4 c5 2. Nf3 e6 3. d4 cxd4 4. Nxd4 a6 5. Nc3 Qc7 6. g3 d6 7. Bg2 Bd7 8. O-O Nc6 9. Nxc6 Bxc6 10. a4 Be7 11. Be3 Nf6 12. f4 {B80: Sicilian Scheveningen: 6 g3 and 6 Be3, including English Attack} (12. a5 O-O 13. Re1 Rae8 14. Bb6 Qb8 15. Bd4 Nd7 16. Na4 Bd8 17. Nb6 Bxb6 18. Bxb6 f5 19. Ra3 fxe4 20. Bxe4 Bxe4 21. Rxe4 {0-1 (30) Guseinov,G (2609)-Polgar,J (2682) Baku 2010}) 12... O-O 13. Qe2 b5 $146 ({Predecessor:} 13... b6 14. h3 Rfd8 15. Rfd1 Qb7 16. Bd4 Rac8 17. Kh2 Nd7 18. Rd2 Nc5 19. b4 e5 20. fxe5 dxe5 21. Bxc5 bxc5 {1-0 (34) Ayas Fernandez,A (2317)-Gutierrez Clares,J (2219) Spain 2004}) 14. axb5 {The position is equal.} axb5 15. e5 {[#]} (15. Nxb5 $11 {keeps the balance.} Qb7 16. e5 Rxa1 17. Rxa1 Bxb5 18. Bxb7 Bxe2 19. exf6 Bxf6 20. Kf2) 15... dxe5 ({Better is} 15... Bxg2 $1 $17 16. Qxg2 Rxa1 17. Rxa1 dxe5) 16. Rxa8 Rxa8 17. Nxb5 Bxb5 18. Qxb5 e4 {Threatens to win with ...Nd5.} 19. c3 Nd5 20. Bd4 ({Avoid the trap} 20. Bxe4 $2 Rb8 $19) 20... f5 21. Re1 Rb8 22. Qa6 Kf7 {aiming for ...Bc5.} 23. Bxe4 (23. Bh3 $17) 23... fxe4 $19 24. Rxe4 Qc8 (24... Qd7 $19 25. Re2 Nf6) 25. Qe2 (25. Qxc8 $17 Rxc8 26. Kf2) 25... Bc5 26. Qh5+ Kg8 27. Qe2 Bxd4+ 28. Rxd4 Nf6 29. g4 (29. h3 $142) 29... Qc6 30. g5 Nd7 31. Qd2 (31. h4 $142) 31... Nf8 32. b4 $2 {[#]} (32. h4 {is a better defense.}) 32... Ra8 33. Qb2 (33. Kf2 $142 Ng6 34. Rd6) 33... Qf3 34. Qc1 Ra2 {Precision: White = 18%, Black = 66%.} 0-1

[Event "8th Dolomiti Open 2017"]
[Site "Forni di Sopra"]
[Date "2017.06.10"]
[Round "1.3"]
[White "Stany, G A"]
[Black "Denoyelle, Arnaud"]
[Result "1/2-1/2"]
[WhiteElo "2489"]
[BlackElo "2188"]
[Annotator "TA"]
[PlyCount "76"]
[EventDate "2017.??.??"]
[EventType "swiss"]
[EventCountry "ITA"]
[SourceTitle "playchess.com"]
[Source "ChessBase"]
[SourceQuality "1"]

{[%evp 9,76,47,43,30,25,22,45,33,44,14,33,7,10,6,6,0,9,0,0,0,0,0,0,0,0,2,0,0,33,6,7,6,5,5,5,5,12,0,3,4,3,0,0,0,0,0,0,0,0,0,14,0,0,0,12,0,0,0,11,12,17,14,37,0,0,0,6,0,0]} 1. e4 c5 2. Nf3 Nc6 3. Bb5 e5 4. O-O Bd6 5. c3 a6 6. Bc4 {B30: Sicilian: 2...Nc6 3 Bb5, lines without ...g6} (6. Ba4 b5 7. Bc2 Nge7 8. a4 Rb8 9. axb5 axb5 10. d4 cxd4 11. cxd4 Nxd4 12. Nxd4 exd4 {0-1 (44) Bologan,V (2640)-Korobov,A (2695) Poikovsky 2017}) 6... Nf6 $146 ({Predecessor:} 6... b5 7. Bd5 Nge7 8. d4 cxd4 9. cxd4 exd4 10. Ng5 Nxd5 11. exd5 Ne7 {1-0 (35) Tologontegin,S (2356)-Takyrbashev,B (2234) Bishkek 2013}) 7. d4 O-O 8. dxe5 {White is slightly better.} Bxe5 9. Nxe5 Nxe5 10. Bb3 c4 11. Bc2 d5 12. exd5 Qxd5 13. Qxd5 Nxd5 14. Rd1 Be6 15. Na3 Rad8 16. f4 {[#]} Nd3 $1 {[%mdl 512]} 17. Bxd3 cxd3 18. Rxd3 Ne7 (18... Nb6 $5 {[%cal Rd8d3]} 19. Rd4 Rxd4 20. cxd4 Rd8 $11) 19. Rxd8 Rxd8 20. Be3 Nf5 21. Nc2 Rd3 22. Re1 Bxa2 23. Bc1 {[%cal Re1e8] [#]} (23. Bf2 {is more complex.} Rd8 24. g4 Nd6 25. Re7 Bd5 26. Bc5) 23... Rd8 24. g4 Nd6 25. f5 h5 26. h3 hxg4 27. hxg4 Bd5 28. Nd4 Nc4 29. Kf2 Kf8 30. g5 Re8 31. Rd1 Be4 32. Re1 (32. b3 $5 {[%cal Rb3c4]} Ne5 33. Kg3 $14) 32... Bd5 33. Rd1 Be4 34. b3 Ne5 35. Kg3 Nc6 36. Nxc6 Bxc6 {The position is equal.} 37. Bf4 Re2 38. Rd2 Rxd2 {Precision: White = 57%, Black = 70%.} 1/2-1/2

[Event "8th Dolomiti Open 2017"]
[Site "Forni di Sopra"]
[Date "2017.06.10"]
[Round "1.4"]
[White "Bettalli, Francesco"]
[Black "Castellanos Rodriguez, Renier"]
[Result "1/2-1/2"]
[WhiteElo "2182"]
[BlackElo "2488"]
[Annotator "TA"]
[PlyCount "47"]
[EventDate "2017.??.??"]
[EventType "swiss"]
[EventCountry "ITA"]
[SourceTitle "playchess.com"]
[Source "ChessBase"]
[SourceQuality "1"]

{[%evp 27,47,74,79,0,94,81,83,75,83,0,0,0,0,0,0,0,0,0,0,0,0,0]} 1. d4 Nf6 2. c4 e6 3. Nf3 c5 4. d5 d6 5. Nc3 exd5 6. cxd5 g6 7. h3 Bg7 8. e4 O-O 9. Bd3 a6 10. a4 Nh5 11. O-O Nd7 12. Bg5 {A70: Modern Benoni: 6 e4 g6 7 Nf3} Bf6 13. Bh6 (13. Be3 Re8 14. Qd2 Ne5 15. Be2 Nxf3+ 16. Bxf3 Ng7 {½-½ (16) Kazhgaleyev,M (2594)-Ponomariov,R (2709) chess.com INT 2017}) 13... Re8 14. g4 Ng7 {LiveBook: 3 Games} 15. Bf4 ({White should play} 15. Kg2 $16) 15... Ne5 (15... h5 $11) 16. Nxe5 $16 Bxe5 17. Bxe5 dxe5 $146 ({Predecessor:} 17... Rxe5 18. f4 Re8 19. Qf3 Qf6 20. Rae1 Qd4+ 21. Kg2 Bd7 {1-0 (33) Hess,R (2328)-Mantovani,R (2370) Switzerland 2007}) 18. Qc2 (18. Qf3 $16) 18... Qh4 $1 $11 {The position is equal.} 19. Kg2 Nh5 {[#] ( -> ...Nf4+)} 20. Ne2 Bxg4 21. hxg4 Qxg4+ 22. Kh2 Qh4+ 23. Kg2 {Strongly threatening Rh1.} Qg4+ 24. Kh2 1/2-1/2

[Event "8th Dolomiti Open 2017"]
[Site "Forni di Sopra"]
[Date "2017.06.10"]
[Round "1.5"]
[White "Matamoros Franco, Carlos S"]
[Black "Loiacono, Leonardo"]
[Result "1-0"]
[WhiteElo "2478"]
[BlackElo "2175"]
[Annotator "TA"]
[PlyCount "51"]
[EventDate "2017.??.??"]
[EventType "swiss"]
[EventCountry "ITA"]
[SourceTitle "playchess.com"]
[Source "ChessBase"]
[SourceQuality "1"]

{[%evp 22,51,56,46,89,93,124,84,120,107,109,89,90,89,187,185,190,184,160,121,130,84,85,84,83,70,67,70,85,72,329,312]} 1. Nf3 Nf6 2. c4 c5 3. Nc3 Nc6 4. d4 cxd4 5. Nxd4 g6 6. e4 d6 7. Be2 Bg7 8. Be3 O-O 9. O-O Bd7 10. Nc2 Rc8 11. f4 {B38: Sicilian: Maroczy Bind with 5...Bg7 and 7...0-0} a6 12. Rc1 {LiveBook: 3 Games} h5 $146 ({Predecessor:} 12... Be6 13. Qd2 Qa5 14. a3 Ng4 15. b4 Qd8 16. Bxg4 Bxg4 17. Nd5 Be6 18. Nb6 Rc7 {½-½ (91) Svane,R (2555)-Maghsoodloo,P (2584) Doha 2016}) 13. h3 {White is better.} Qa5 14. c5 Rcd8 15. cxd6 exd6 16. Qe1 Rfe8 17. Bf3 Qc7 {[#]} (17... b5 $16 {keeps fighting.}) 18. Qf2 $1 $18 Qb8 {[#]} 19. Bb6 $1 Rc8 20. Rcd1 Be6 21. Rfe1 Nd7 22. Be3 b5 23. Nd4 Nxd4 24. Bxd4 Bxd4 25. Rxd4 Nb6 $2 {[%mdl 8192] [#]} (25... b4 $16 {was necessary.}) 26. f5 $1 {[%mdl 512] Precision: White = 79%, Black = 35%.} 1-0

[Event "8th Dolomiti Open 2017"]
[Site "Forni di Sopra"]
[Date "2017.06.10"]
[Round "1.6"]
[White "Landi, Alberto"]
[Black "Anurag, Mhamal"]
[Result "0-1"]
[WhiteElo "2165"]
[BlackElo "2466"]
[Annotator "TA"]
[PlyCount "96"]
[EventDate "2017.??.??"]
[EventType "swiss"]
[EventCountry "ITA"]
[SourceTitle "playchess.com"]
[Source "ChessBase"]
[SourceQuality "1"]

{[%evp 25,95,-17,-16,-14,-17,0,0,10,65,0,41,-37,0,0,4,0,6,8,64,50,41,46,54,90,68,77,77,48,106,95,90,84,109,0,0,0,0,0,-11,-81,0,-22,-15,-134,-134,-134,-134,-169,-178,-336,-325,-287,-289,-309,-299,-468,-441,-572,-573,-545,-522,-29988,-29989,-29988,-29989,-29995,-29996,-29996,-29997,-29998,-29999,-29999]} 1. e4 e5 2. Nf3 Nc6 3. Bb5 a6 4. Ba4 Nf6 5. O-O Nxe4 6. d4 b5 7. Bb3 d5 8. dxe5 Be6 9. Be3 Be7 10. c3 Qd7 11. Nbd2 Rd8 12. Bc2 Nxd2 {C83: Open Ruy Lopez: 9 c3 Be7} 13. Qxd2 Bg4 {LiveBook: 3 Games} 14. Bd4 {Black should prevent e6!} Bxf3 $146 {The position is equal.} ({Predecessor:} 14... O-O 15. Qd3 g6 16. Rfe1 Nxd4 17. cxd4 c5 18. dxc5 Bxc5 19. h3 Bf5 20. Qd2 Bxc2 21. Qxc2 {1-0 (48) Kovacevic,A (2405)-Musat,A (2350) Varna 1994}) 15. gxf3 Na5 16. b4 Nc4 (16... Nc6 $11) 17. Qd3 (17. Qf4 $1 $14) 17... Bg5 18. Kg2 (18. Kh1 $14) 18... Qe6 19. Qf5 Bd2 20. a4 g6 $132 {[%mdl 2048] Black is fighting back} 21. Qg4 Kd7 (21... h5 $11 22. Qh4 (22. Qxe6+ fxe6 23. axb5 axb5 $14) 22... g5) 22. axb5 axb5 23. Ra6 h5 24. Rxe6 hxg4 25. Rf6 gxf3+ 26. Rxf3 Rh7 ({Black should try} 26... Ke7 $14) 27. Ra1 $16 Re8 28. Bd3 Bg5 {[#]} 29. Bxc4 (29. h4 $1 $16 {[%mdl 512]} Be7 (29... Bxh4 30. Rh3) 30. h5 $1 {[%mdl 512]} Rxh5 31. Bxc4 (31. Rxf7 Nxe5 32. Bxe5 Rxe5 $11) 31... Rg5+ 32. Kf1 dxc4 33. Rxf7) 29... dxc4 $11 30. Ra5 Kc6 31. Ra6+ Kd5 32. Ra5 {[#]} (32. Ra1 $11 {remains equal.}) 32... c6 ({Black should play} 32... Ke4 $1 $17 33. h3 c6) 33. Ra7 Re7 {Threatens to win with ...Rxa7.} 34. Ra8 {[#]} (34. Ra1 $1 $11) 34... Ke4 $1 $17 35. h3 Bf4 36. Rc8 Rh5 ({Weaker is} 36... Bxe5 37. Re3+ Kf4 38. Rxc6 $11) 37. Rxc6 $2 (37. Rxf4+ {is the only way for White.} Kxf4 38. Rxc6) 37... Rg5+ $19 38. Rg3 Bxg3 39. fxg3 {[%mdl 4096] Endgame KRR-KRB} Rf5 40. Rb6 (40. h4 $142 g5 41. hxg5) 40... Ra7 {Strongly threatening ...Ra2+.} 41. h4 {White hopes to continue with e6.} Ra2+ 42. Kh3 Kf3 {Hoping for ...Ra1.} 43. e6 {intending exf7.} Ra1 {[%cal Ra1h1] Black mates.} 44. Kh2 Kg4 45. exf7 Ra2+ 46. Kg1 Kh3 {[%cal Ra2a1]} 47. Kh1 Rf1+ 48. Bg1 Rh2# {Precision: White = 43%, Black = 57%.} 0-1

[Event "8th Dolomiti Open 2017"]
[Site "Forni di Sopra"]
[Date "2017.06.10"]
[Round "1.7"]
[White "Bellia, Fabrizio"]
[Black "Loiacono, Antonio"]
[Result "1/2-1/2"]
[WhiteElo "2432"]
[BlackElo "2155"]
[Annotator "TA"]
[PlyCount "78"]
[EventDate "2017.??.??"]
[EventType "swiss"]
[EventCountry "ITA"]
[SourceTitle "playchess.com"]
[Source "ChessBase"]
[SourceQuality "1"]

{[%evp 10,78,25,18,21,26,37,37,35,29,30,31,31,32,29,33,33,26,31,33,37,33,55,37,40,-5,-5,-5,0,-5,-3,0,0,-63,-56,-56,-33,-37,-52,-69,-56,-54,0,0,0,0,0,-7,0,0,0,0,0,0,0,0,0,0,0,0,0,0,0,-141,0,-33,0,0,0,-9,0]} 1. d4 Nf6 2. Nf3 g6 3. Nbd2 d5 4. e3 Bg7 5. b4 O-O 6. c4 c6 {D02: 1 d4 d5 2 Nf3 sidelines, including 2...Nf6 3 g3 and 2...Nf6 3 Bf4} 7. a4 Bf5 8. Bb2 Nbd7 {White is slightly better.} 9. Be2 Ne4 10. O-O Nxd2 (10... Re8 11. cxd5 cxd5 12. Nxe4 Bxe4 13. Qb3 {1-0 (36) So,W (2808)-Vachier Lagrave,M (2796) chess.com INT 2017}) 11. Nxd2 e5 12. cxd5 cxd5 13. dxe5 Nxe5 {[#]} 14. Qb3 $146 ({Predecessor:} 14. Bd4 Re8 15. Qb3 Nc4 16. Nxc4 Bxd4 17. Rad1 Bg7 18. Na5 Qe7 19. Bb5 Rec8 {½-½ (19) Morovic Fernandez,I (2527)-Darcyl,T (2405) Buenos Aires 2017}) 14... Rc8 15. Rac1 Qd6 16. h3 Rfd8 17. Nf3 (17. b5 {with more complications.} h5 18. Rfd1 b6 19. Bd4 Qe6 20. a5) 17... Nxf3+ 18. Bxf3 Bxb2 19. Qxb2 Rc4 20. Rxc4 dxc4 21. e4 (21. Rc1 $11) 21... Be6 $15 22. Rd1 Qc7 23. Qc3 Rxd1+ 24. Bxd1 Qf4 25. Bf3 f6 26. g3 $36 {[%mdl 2048] White has good play.} Qe5 27. Qxe5 $1 fxe5 $11 {[%mdl 4096] Endgame KB-KB} 28. h4 c3 29. Bd1 Bc4 {[#] White must now prevent ...a5!} 30. Bc2 $1 Kf7 31. f4 Ke6 32. Kf2 b6 33. a5 bxa5 34. bxa5 Kd6 {And now ...Kc5 would win.} 35. Ke3 h6 36. Bd3 {[#]} (36. Bd1 $11) 36... Bb3 ({Better is} 36... Kc5 $1 $17) 37. Ba6 $15 Bc2 (37... Kc5 $5 {[%cal Rb3c4]} 38. Kd3 c2 $11) 38. Bd3 Bb3 39. Ba6 Bc2 {Precision: White = 77%, Black = 62%.} 1/2-1/2

[Event "8th Dolomiti Open 2017"]
[Site "Forni di Sopra"]
[Date "2017.06.10"]
[Round "1.8"]
[White "Uhl, Michael"]
[Black "Bruno, Fabio"]
[Result "0-1"]
[WhiteElo "2141"]
[BlackElo "2427"]
[Annotator "TA"]
[PlyCount "62"]
[EventDate "2017.??.??"]
[EventType "swiss"]
[EventCountry "ITA"]
[SourceTitle "playchess.com"]
[Source "ChessBase"]
[SourceQuality "1"]

{[%evp 19,62,5,10,-4,-4,-12,-14,-3,-14,-7,0,0,0,0,42,0,0,-7,-8,-4,0,-29,-33,-49,-42,-40,-39,-48,-36,-48,-47,-49,-35,-127,-114,-233,-221,-435,-428,-571,-579,-670,-662,-732,-724]} 1. e4 c5 2. c3 Nf6 3. e5 Nd5 4. d4 cxd4 5. cxd4 e6 6. Nf3 d6 7. a3 Bd7 8. Bd3 Bc6 9. O-O Nd7 10. Re1 Rc8 11. Bd2 {B22: Sicilian: 2 c3} (11. Bg5 $5 {[%cal Rg5d8]} Qc7 12. Bd2 $11) (11. b4 a6 12. Ng5 dxe5 13. Nxe6 fxe6 14. Qh5+ Ke7 15. dxe5 h6 16. Nc3 Nxc3 17. Bg5+ hxg5 18. Qxg5+ Nf6 19. exf6+ gxf6 20. Rxe6+ Kxe6 21. Qg4+ Ke7 22. Re1+ Ne4 23. Bxe4 Qd2 24. Kf1 Kd8 25. Rd1 Bb5+ {0-1 (25) Arenas Vanegas,D (2490)-Topalov,V (2768) Baku 2016}) 11... Be7 12. exd6 Bxd6 13. Nc3 {The position is equal.} Nxc3 14. bxc3 Bd5 $146 ({Predecessor:} 14... Qc7 15. c4 O-O 16. h3 Rfe8 17. a4 Bxf3 18. Qxf3 e5 {1-0 (35) Stoica,V (2435)-Stefanov,P (2345) Bucharest 1980}) 15. Ng5 Nf6 16. Qe2 {[#] Strongly threatening c4.} h6 17. Bb5+ (17. Nf3 {looks sharper.} O-O 18. c4 Bxf3 19. Qxf3 Re8 20. Bc3) 17... Bc6 18. Bxc6+ (18. Nf3 {is more complex.} Bxb5 19. Qxb5+ Qd7 20. a4 O-O 21. Rec1) 18... Rxc6 19. Ne4 O-O 20. Qf3 Nd5 21. Qd3 Be7 22. c4 Nb6 23. Ba5 Qd7 24. Bxb6 Rxb6 25. Red1 Rd8 26. Qf3 {[#]} (26. d5 $15) 26... Qa4 $1 $17 27. Nc5 (27. Qd3 $17 {was necessary.}) 27... Qxc4 $19 28. Nxb7 $2 (28. Rac1 Qd5 29. Qxd5 Rxd5 30. Kf1) 28... Rxd4 {Black is clearly winning.} 29. Rac1 Rxd1+ 30. Rxd1 Qc2 {Hoping for ...Rb3.} 31. Nd8 Rb1 {Precision: White = 26%, Black = 83%.} 0-1

[Event "8th Dolomiti Open 2017"]
[Site "Forni di Sopra"]
[Date "2017.06.10"]
[Round "1.9"]
[White "Naumkin, Igor"]
[Black "Gutierrez Castillo, Paloma"]
[Result "1-0"]
[WhiteElo "2401"]
[BlackElo "2134"]
[Annotator "TA"]
[PlyCount "91"]
[EventDate "2017.??.??"]
[EventType "swiss"]
[EventCountry "ITA"]
[SourceTitle "playchess.com"]
[Source "ChessBase"]
[SourceQuality "1"]

{[%evp 24,91,24,27,58,56,62,61,78,75,121,112,127,116,163,156,145,147,116,135,163,84,108,95,28,52,109,102,186,191,183,182,212,170,214,195,205,160,193,151,247,242,235,249,244,216,328,323,364,325,326,270,347,311,918,901,887,806,923,863,802,751,5706,5770,5065,5065,4137,857,3030,2241]} 1. d4 Nf6 2. c4 g6 3. Nc3 Bg7 4. e4 d6 5. Nf3 O-O 6. Be2 e5 7. d5 a5 8. Bg5 h6 9. Bh4 Na6 10. Nd2 Qe8 11. O-O Bd7 12. b3 Nh7 13. a3 Kh8 {E92: King's Indian: Classical: 6 Be2 e5: 7 dxe5, 7 Be3 and Petrosian System without 7...Nbd7} (13... h5 14. f3 Bh6 15. Kh1 Be3 16. Qc2 f5 17. exf5 Bxf5 18. Nde4 Nc5 19. g4 Bxe4 20. Nxe4 g5 21. Nxc5 Bxc5 22. Be1 hxg4 23. fxg4 Rf4 24. Bd2 Kg7 {1-0 (58) Mchedlishvili,M (2651)-Stellwagen,D (2622) Germany 2013}) 14. f3 f5 15. Rb1 Bf6 $146 {White is slightly better.} ({Predecessor:} 15... Nf6 16. b4 axb4 17. axb4 Nh5 18. c5 Nf4 19. cxd6 Nxe2+ 20. Qxe2 cxd6 21. Nc4 {½-½ (39) Bhakti,K (2317)-Deur,Z (2116) Chennai 2011}) 16. Bf2 f4 17. b4 axb4 18. axb4 b6 19. Qb3 g5 20. Ra1 g4 21. fxg4 {And now Ra3 would win.} Rg8 22. c5 ({Better is} 22. Kh1 $18) 22... Bxg4 23. Rxa6 Rxa6 24. Bxa6 {Hoping for Kh1.} Bh3 {[#]} ({Black should try} 24... Qg6 $14 25. g3 bxc5 26. bxc5 Ng5) 25. g3 $1 $16 {aiming for Ra1.} (25. cxb6 {leads to mate.} Rxg2+ 26. Kh1 Qg6 27. Bg3 {[#]} Rxh2+ $1 {[%mdl 512]} 28. Kxh2 Qxg3+ 29. Kh1 Qg2#) 25... Bxf1 (25... Bg5 $16 {was worth a try.}) 26. Bxf1 $18 bxc5 27. bxc5 Ng5 28. Qd1 fxg3 29. hxg3 dxc5 30. Bxc5 Qg6 31. Bf2 Be7 (31... h5 $16 32. Qa4 h4) 32. Nf3 Nxf3+ 33. Qxf3 Rf8 34. Qe2 Bb4 (34... h5 $142 35. Bg2 Qg4 36. Qxg4 hxg4) 35. Nd1 Ba5 36. Bg2 Bb6 37. Kh2 Rg8 38. Qf3 Qg4 $2 (38... Bd4 39. Ne3 c6 40. dxc6 Qxc6) 39. Qxg4 {White is clearly winning.} Rxg4 40. Bxb6 cxb6 41. Ne3 Rg8 42. Bf1 Rb8 43. Bb5 Kg7 44. d6 {[%cal Bd5d6,Bd6d7][%mdl 32]} Kf7 45. d7 Ke7 46. Nf5+ {Precision: White = 74%, Black = 26%.} 1-0

[Event "8th Dolomiti Open 2017"]
[Site "Forni di Sopra"]
[Date "2017.06.10"]
[Round "1.10"]
[White "Valenti, Giuseppe"]
[Black "Henderson de La Fuente, Lance"]
[Result "0-1"]
[WhiteElo "2128"]
[BlackElo "2365"]
[Annotator "TA"]
[PlyCount "48"]
[EventDate "2017.??.??"]
[EventType "swiss"]
[EventCountry "ITA"]
[SourceTitle "playchess.com"]
[Source "ChessBase"]
[SourceQuality "1"]

{[%evp 24,48,59,56,51,0,0,0,0,0,0,-16,-18,-14,-20,-18,-8,-23,-13,-131,-127,-153,-136,-650,-648,-907,-901]} 1. e4 c5 2. Nf3 e6 3. d4 cxd4 4. Nxd4 Nc6 5. Nc3 Qc7 6. g3 a6 7. Bg2 Nf6 8. O-O Be7 9. Re1 d6 10. Nxc6 bxc6 11. e5 dxe5 12. Rxe5 O-O 13. Bf4 {LiveBook: 71 Games. Hoping for Rxe6!} Qa7 {B80: Sicilian Scheveningen: 6 g3 and 6 Be3, including English Attack} (13... Qb7 14. Na4 Rd8 15. Qf3 Nd5 16. Bd2 Nb4 17. Bc3 Nxc2 {½-½ (17) Bodek,M (2389)-Nyzhnyk,I (2628) Arlington 2014}) 14. Bxc6 (14. Na4 $14) 14... Bb7 $11 15. Bxb7 $146 ({Predecessor:} 15. Be3 Qb8 16. Bxb7 Qxb7 17. Rb1 Rac8 18. Bg5 Rc4 19. Bxf6 Bxf6 20. Re3 Rfc8 21. Rd3 {1-0 (44) Guez,F (2115)-Coullet,Y (2075) Paris 1998}) 15... Qxb7 {The position is equal.} 16. Rb1 Rfd8 17. Qe2 Bd6 18. Re3 $1 Bxf4 19. gxf4 Rac8 $36 {[%mdl 2048] Black has the initiative.} 20. Rd3 g6 21. Rbd1 (21. a3 $11 {remains equal.}) 21... Rxd3 $17 22. cxd3 {[#]} Nh5 $1 23. Qd2 $2 {[%mdl 8192] [#]} (23. Rd2 $17) 23... Rxc3 $1 $19 {[%mdl 512]} 24. bxc3 {Black must now prevent Qe3.} Qf3 {Precision: White = 18%, Black = 85%.} 0-1